A350 Operators - Statistics

General Stats
  • This quiz has been taken 269 times
  • The average score is 29 of 38
Answer Stats
Hint Answer % Correct
30 Air China
95%
35 Air France
95%
35 Delta Airlines
95%
18 British Airways
94%
58 Qatar Airways
94%
3 Emirates
93%
24 Japan Airlines
93%
65 Singapore Airlines
93%
30 Lufthansa
92%
15 China Airlines
89%
6 Air India
86%
20 China Southern Airlines
86%
20 China Eastern Airlines
83%
24 Turkish Airlines
83%
48 Cathay Pacific
80%
22 Iberia
79%
7 Aeroflot
77%
22 Ethiopian Airlines
77%
23 Thai Airways
77%
5 Etihad Airlines
76%
6 ITA Airways
76%
2 Korean Air
76%
4 SAS
74%
7 Malaysia Airlines
73%
14 Vietnam Airlines
73%
15 Asiana
71%
17 Finnair
71%
12 Virgin Atlantic
71%
2 Philippine Airlines
62%
4 Fiji Airways
60%
8 Starlux Airlines
57%
4 Air Mauritius
56%
6 French Bee
55%
1 Edelweiss
54%
9 Sichuan Airlines
51%
7 Air Caraibes
48%
2 Iberojet
46%
3 World2Fly
44%
No matching quizzes found
Score Distribution
Percent of People with Each Score
Percentile by Number Answered
Your Score History
You have not taken this quiz